000 01182cam a2200337 i 4500
999 _c527002
_d527002
001 18666515
003 NUST
005 20190718071416.0
008 150619s2017 mau b 001 0 eng
010 _a 2015023479
020 _a9781284077247 (casebound)
038 _aArshad
040 _aDLC
_beng
_cDLC
_erda
_dDLC
042 _apcc
050 0 0 _aQA267.3
_b.L56 2017
082 0 0 _a005.131
_bLIN
100 1 _aLinz, Peter.
_918054
245 1 3 _aAn introduction to formal languages and automata /
_cPeter Linz, PhD, University of California at Davis.
250 _aSixth edition.
264 1 _aBurlington, MA :
_bJones & Bartlett Learning,
_c2017.
300 _axiii, 449 pages ;
_c25 cm
336 _atext
_btxt
_2rdacontent
337 _aunmediated
_bn
_2rdamedia
338 _avolume
_bnc
_2rdacarrier
504 _aIncludes bibliographical references and index.
650 0 _aFormal languages.
_918055
650 0 _aMachine theory.
_918056
906 _a7
_bcbc
_corignew
_d1
_eecip
_f20
_gy-gencatlg
942 _2ddc
_cBK